La urbanización en Costa Rica en los años 80/
Gespeichert in:
| 1. Verfasser: | |
|---|---|
| Weitere Verfasser: | , |
| Format: | Buch |
| Sprache: | Spanish |
| Veröffentlicht: |
San José: Costa Rica
FLACSO
|
| Schlagworte: | |
| Tags: |
Tag hinzufügen
Keine Tags, Fügen Sie den ersten Tag hinzu!
|
MARC
| LEADER | 00000nam a22000007a 4500 | ||
|---|---|---|---|
| 003 | cru CIDCACS/IIS | ||
| 005 | 20220305062544.0 | ||
| 008 | 180125b ||||| |||| 00| 0 spa d | ||
| 999 | |c 40899 |d 40899 | ||
| 040 | |c cru CIDCACS/IIS | ||
| 090 | |a 14.04.03 P843u | ||
| 100 | 1 | |a Lungo Uclés, Mario |9 2601 | |
| 245 | |a La urbanización en Costa Rica en los años 80/ |c Mario Lungo; Mariam Pérez y Nancy Piedra | ||
| 260 | |a San José: Costa Rica |b FLACSO | ||
| 300 | |a páginas 37-179 | ||
| 650 | 1 | 0 | |9 1181 |a URBANIZACION |
| 650 | 1 | 0 | |9 24 |a CLASES SOCIALES |
| 650 | 1 | 0 | |9 2434 |a SALARIOS |
| 650 | 1 | 0 | |9 744 |a ZONAS URBANAS |
| 650 | 1 | 0 | |9 1176 |a PLANES URBANOS |
| 651 | 1 | 0 | |9 32 |a COSTA RICA |
| 700 | 1 | |9 5086 |a Piedra Guillén, Nancy | |
| 700 | 1 | |9 6503 |a Pérez, Mariam | |
| 942 | |2 ddc |c LI | ||
| 773 | 0 | |0 10959 |9 1758 |a Portes, Alejandro |d San José: FLACSO |o 18286 |t Urbanización en Centroamérica / |w (cru CIDCACS/IIS)24143 |z 9977680310 | |



